Architectural guide Wrocław (Record no. 9599)
[ view plain ]
| 000 -LEADER | |
|---|---|
| fixed length control field | 00312nam a2200133 4500 |
| 003 - CONTROL NUMBER IDENTIFIER | |
| control field | OSt |
| 005 - DATE AND TIME OF LATEST TRANSACTION | |
| control field | 20210705120535.0 |
| 008 - FIXED-LENGTH DATA ELEMENTS--GENERAL INFORMATION | |
| fixed length control field | 210705b ||||| |||| 00| 0 eng d |
| 020 ## - INTERNATIONAL STANDARD BOOK NUMBER | |
| International Standard Book Number | 9783869224268 |
| 082 ## - DEWEY DECIMAL CLASSIFICATION NUMBER | |
| Classification number | 720.943852 |
| Item number | SZC |
| 100 ## - MAIN ENTRY--PERSONAL NAME | |
| Personal name | Szczelina, Marcin |
| 245 ## - TITLE STATEMENT | |
| Title | Architectural guide Wrocław |
| 942 ## - ADDED ENTRY ELEMENTS (KOHA) | |
| Source of classification or shelving scheme | |
| Withdrawn status | Lost status | Source of classification or shelving scheme | Damaged status | Koha normalized classification for sorting | Not for loan | Permanent location | Current location | Date acquired | Full call number | Barcode | Date last seen | Price effective from | Koha item type |
|---|---|---|---|---|---|---|---|---|---|---|---|---|---|
| 720_943852000000000_SZC | BMS College of Architecture, Design and Planning | BMS College of Architecture, Design and Planning | 2021-07-05 | 720.943852 SZC | AR-PG469 | 2021-07-05 | 2021-07-05 | PG Books |